[Event "PRO League Group Stage"]
[Site "chess.com INT"]
[Date "2019.02.01"]
[Round "4"]
[White "Manukian, Artak"]
[Black "Florstedt, Johannes"]
[Result "1-0"]
[BlackTitle "FM"]
[WhiteElo "2196"]
[BlackElo "2320"]
[WhiteTeam "Armenia Eagles"]
[BlackTeam "Berlin Bears"]
[WhiteFideId "13301373"]
[BlackFideId "12922293"]
[EventDate "2019.01.08"]

1. e4 c5 2. Nf3 d6 3. Bb5+ Nd7 4. O-O a6 5. Bxd7+ Bxd7 6. d4 cxd4 7. Qxd4 Rc8 8.
c4 Qc7 9. Nbd2 e5 10. Qd3 b5 11. b3 Nf6 12. Ba3 Be7 13. Rac1 Qb8 14. cxb5 Bxb5
15. Rxc8+ Qxc8 16. Nc4 Bxc4 17. bxc4 Qc6 18. Rb1 O-O 19. Nxe5 Qxe4 20. Qxe4 Nxe4
21. Nc6 Bf6 22. Re1 Nc5 23. Kf1 g6 24. Rd1 Nb7 25. Bxd6 Rc8 26. Ne7+ Bxe7 27.
Bxe7 Rxc4 28. Rd7 Rc1+ 29. Ke2 Rb1 30. g4 f5 31. gxf5 gxf5 32. Kf3 Na5 33. Bf6
Rb7 34. Rd6 Kf7 35. Rxa6 Nc4 36. Kf4 Rb5 37. a4 Rb6 38. Rxb6 Nxb6 39. Kxf5 Nxa4
40. Bd4 Ke7 41. Ke5 Kd7 42. Kd5 Kc7 43. f4 Kd7 44. f5 Ke7 45. Kc4 Kf7 46. Kb4
Nb6 47. Bxb6 Kf6 48. Kc3 Kxf5 49. Kd3 Kf4 50. Ke2 Kg4 51. Kf2 Kh3 52. Bc7 Kg4
53. Kg2 Kh4 54. Bd8+ Kg4 55. h3+ Kf4 56. Be7 Kf5 57. Kf3 Ke6 58. Bd8 Kf5 59. Kg3
Kg6 60. Kg4 Kh6 61. Bg5+ Kg6 62. Bc1 Kf6 63. Kh5 Kg7 64. Bb2+ Kf7 65. Kh6 Kg8
66. h4 1-0

[Event "PRO League Group Stage"]
[Site "chess.com INT"]
[Date "2019.02.01"]
[Round "4"]
[White "Andriasian, Zaven"]
[Black "Duda, Jan-Krzysztof"]
[Result "1/2-1/2"]
[WhiteTitle "GM"]
[BlackTitle "GM"]
[WhiteElo "2604"]
[BlackElo "2738"]
[WhiteTeam "Armenia Eagles"]
[BlackTeam "Cannes Blitzstreams"]
[WhiteFideId "13302000"]
[BlackFideId "1170546"]
[EventDate "2019.01.08"]

1. e4 e5 2. Nf3 Nf6 3. Nxe5 d6 4. Nf3 Nxe4 5. Nc3 Nxc3 6. dxc3 Be7 7. Be3 Nc6 8.
Qd2 Be6 9. O-O-O Qd7 10. Kb1 a6 11. Ng5 Bxg5 12. Bxg5 f6 13. Be3 O-O-O 14. f3
Rhe8 15. b3 Kb8 16. Bf2 h5 17. h3 Bf5 18. g4 Bg6 19. Be2 Re7 20. Rhe1 Rde8 21.
Bf1 Rxe1 22. Rxe1 Rxe1+ 23. Qxe1 Qe8 24. Qxe8+ Bxe8 25. Be2 hxg4 26. hxg4 g5 27.
Be3 Ne5 28. f4 gxf4 29. Bxf4 Bd7 30. g5 fxg5 31. Bxg5 a5 1/2-1/2

[Event "PRO League Group Stage"]
[Site "chess.com INT"]
[Date "2019.02.01"]
[Round "4"]
[White "Velten, Paul"]
[Black "Martirosyan, Haik M."]
[Result "1-0"]
[WhiteTitle "GM"]
[BlackTitle "GM"]
[WhiteElo "2496"]
[BlackElo "2607"]
[WhiteTeam "Cannes Blitzstreams"]
[BlackTeam "Armenia Eagles"]
[WhiteFideId "681091"]
[BlackFideId "13306553"]
[EventDate "2019.01.08"]

1. d4 Nf6 2. c4 g6 3. Nc3 Bg7 4. e4 O-O 5. Be2 d6 6. Be3 c6 7. h3 a6 8. a4 a5 9.
Nf3 Nfd7 10. O-O Na6 11. Qd2 Nb4 12. Bh6 e5 13. Rad1 Qe7 14. Bxg7 Kxg7 15. Rfe1
Re8 16. Bf1 h6 17. c5 dxc5 18. d5 Qf6 19. Nh2 h5 20. Re3 Nb6 21. Rf3 Qe7 22. d6
Qe6 23. Rg3 Nc4 24. Bxc4 Qxc4 25. d7 Bxd7 26. Qxd7 Nc2 27. Qd2 Nd4 28. Qg5 Rad8
29. Rf1 b5 30. axb5 cxb5 31. Nf3 b4 32. Nxd4 Qxd4 33. Nd5 Rd6 34. Ne3 Kf8 35.
Rd1 Qxd1+ 36. Nxd1 Rxd1+ 37. Kh2 c4 38. f4 c3 39. bxc3 b3 40. f5 b2 41. f6 Red8
42. Qxe5 Re8 43. Qc5+ Kg8 44. Qxh5 Rh1+ 45. Kxh1 Re5 46. Qh6 b1=Q+ 47. Kh2 Rh5
48. Qg7# 1-0

[Event "PRO League Group Stage"]
[Site "chess.com INT"]
[Date "2019.02.01"]
[Round "4"]
[White "Sargsyan, Shant"]
[Black "Barseghyan, Harutyun"]
[Result "1-0"]
[WhiteTitle "IM"]
[BlackTitle "IM"]
[WhiteElo "2486"]
[BlackElo "2457"]
[WhiteTeam "Armenia Eagles"]
[BlackTeam "Cannes Blitzstreams"]
[WhiteFideId "13306766"]
[BlackFideId "13304585"]
[EventDate "2019.01.08"]

1. d4 d5 2. Nf3 Nf6 3. c4 e6 4. g3 Be7 5. Bg2 O-O 6. Nc3 dxc4 7. Ne5 Nc6 8. Bxc6
bxc6 9. Nxc6 Qe8 10. Nxe7+ Qxe7 11. Qa4 c5 12. dxc5 Qxc5 13. Be3 Qc7 14. O-O-O
Bb7 15. f3 Nd5 16. Bd4 Qc6 17. Qa5 a6 18. e4 Nxc3 19. Bxc3 Qb5 20. Qc7 Rac8 21.
Qd6 Bc6 22. h4 Rfe8 23. g4 Qb6 24. Qd2 Red8 25. Qg5 f6 26. Bxf6 Rxd1+ 27. Rxd1
Qb7 28. Bc3 Qf7 29. Rd6 h6 30. Qe5 Kh7 31. Rxe6 Re8 32. Rxe8 Bxe8 33. f4 Ba4 34.
g5 hxg5 35. hxg5 Qd7 36. Bd4 Kg6 37. f5+ Kh5 38. g6 Kg4 39. f6 gxf6 40. Qxf6 Kg3
41. g7 Qg4 42. Qf2+ Kh3 43. Qf1+ Kh2 44. Be5+ 1-0

[Event "PRO League Group Stage"]
[Site "chess.com INT"]
[Date "2019.02.01"]
[Round "4"]
[White "Bordi, Kevin"]
[Black "Manukian, Artak"]
[Result "1/2-1/2"]
[WhiteElo "2288"]
[BlackElo "2196"]
[WhiteTeam "Cannes Blitzstreams"]
[BlackTeam "Armenia Eagles"]
[WhiteFideId "621862"]
[BlackFideId "13301373"]
[EventDate "2019.01.08"]

1. d4 Nf6 2. Bg5 Ne4 3. Bh4 g5 4. f3 gxh4 5. fxe4 Bh6 6. Nf3 d5 7. exd5 Qxd5 8.
Nc3 Qh5 9. Qd3 c6 10. Qe4 h3 11. gxh3 Bf5 12. Qh4 Qxh4+ 13. Nxh4 Bxc2 14. e4 e6
15. Rg1 c5 16. Bb5+ Ke7 17. d5 a6 18. Bf1 c4 19. Bxc4 Rc8 20. Bb3 Bxb3 21. axb3
Nd7 22. Ke2 b5 23. dxe6 fxe6 24. Rad1 Nc5 25. b4 Na4 26. Nd5+ 1/2-1/2

[Event "PRO League Group Stage"]
[Site "chess.com INT"]
[Date "2019.02.01"]
[Round "4"]
[White "Gupta, Abhijeet"]
[Black "Huschenbeth, Niclas"]
[Result "1-0"]
[WhiteTitle "GM"]
[BlackTitle "GM"]
[WhiteElo "2581"]
[BlackElo "2585"]
[WhiteTeam "Delhi Dynamite"]
[BlackTeam "Berlin Bears"]
[WhiteFideId "5010608"]
[BlackFideId "24604747"]
[EventDate "2019.01.08"]

1. d4 Nf6 2. c4 e6 3. Nf3 b6 4. a3 Bb7 5. Nc3 Ne4 6. Qc2 Nxc3 7. bxc3 Be7 8. e4
Nc6 9. Bd3 Na5 10. O-O Ba6 11. Nd2 c5 12. d5 e5 13. f4 d6 14. Nf3 exf4 15. e5
dxe5 16. Nxe5 g5 17. Qa4+ Kf8 18. g3 Bc8 19. gxf4 Bh3 20. Bd2 Bxf1 21. Rxf1 g4
22. f5 Kg7 23. Bh6+ Kg8 24. Qd1 Bg5 25. Qxg4 f6 26. h4 Qe8 27. hxg5 fxe5 28. f6
Qf7 29. Bf5 1-0

[Event "PRO League Group Stage"]
[Site "chess.com INT"]
[Date "2019.02.01"]
[Round "4"]
[White "Lampert, Jonas"]
[Black "Narayanan, S.L."]
[Result "0-1"]
[WhiteTitle "IM"]
[BlackTitle "GM"]
[WhiteElo "2544"]
[BlackElo "2575"]
[WhiteTeam "Berlin Bears"]
[BlackTeam "Delhi Dynamite"]
[WhiteFideId "1303759"]
[BlackFideId "5058422"]
[EventDate "2019.01.08"]

1. d4 Nf6 2. c4 e6 3. Nc3 Bb4 4. g3 O-O 5. Bg2 Bxc3+ 6. bxc3 d6 7. e4 e5 8. Ne2
Re8 9. Qc2 c5 10. O-O Nc6 11. f4 exd4 12. cxd4 cxd4 13. Qd3 Nb4 14. Qd2 Qb6 15.
Qxd4 Nxe4 16. Bb2 Nc2 17. Qxb6 axb6 18. Rab1 Nd2 19. Nc3 Nxf1 20. Rxf1 Ne3 21.
Re1 Bf5 22. Rc1 Nxg2 23. Kxg2 Bd3 24. Rd1 Bxc4 25. Rxd6 Rad8 26. Rxb6 Rd2+ 27.
Kf3 Rd3+ 28. Kg4 Be6+ 29. Kh4 Rd2 30. h3 h5 31. Ne4 Rh2 32. Ng5 Bc8 33. Kxh5 f6
34. Bxf6 gxf6 35. Rxf6 Bxh3 36. Kg6 Bg4 37. Rb6 Rf8 0-1

[Event "PRO League Group Stage"]
[Site "chess.com INT"]
[Date "2019.02.01"]
[Round "4"]
[White "Florstedt, Johannes"]
[Black "Manu, David Suthandram R"]
[Result "1/2-1/2"]
[WhiteTitle "FM"]
[WhiteElo "2320"]
[BlackElo "2252"]
[WhiteTeam "Berlin Bears"]
[BlackTeam "Delhi Dynamite"]
[WhiteFideId "12922293"]
[BlackFideId "35019562"]
[EventDate "2019.01.08"]

1. e4 c5 2. Nf3 Nc6 3. d4 cxd4 4. Nxd4 e5 5. Nb5 d6 6. N1c3 a6 7. Na3 Be6 8. Nc4
Nf6 9. Be3 b5 10. Nb6 Rb8 11. a4 Rxb6 12. Bxb6 Qxb6 13. axb5 axb5 14. Bxb5 Bd7
15. Nd5 Qb7 16. Ra8+ Nd8 17. Ba6 Qc6 18. Bb5 Qb7 19. Ba6 Qc6 1/2-1/2

[Event "PRO League Group Stage"]
[Site "chess.com INT"]
[Date "2019.02.01"]
[Round "4"]
[White "Andreikin, Dmitry"]
[Black "Van Wely, Loek"]
[Result "0-1"]
[WhiteTitle "GM"]
[BlackTitle "GM"]
[WhiteElo "2725"]
[BlackElo "2622"]
[WhiteTeam "Volga Stormbringers"]
[BlackTeam "Amsterdam Mosquitoes"]
[WhiteFideId "4158814"]
[BlackFideId "1000268"]
[EventDate "2019.01.08"]

1. e4 c5 2. Nf3 d6 3. d4 cxd4 4. Qxd4 Nc6 5. Bb5 Bd7 6. Qd3 g6 7. O-O Bg7 8. c4
Nf6 9. Nc3 O-O 10. h3 Rc8 11. Be3 Nb4 12. Qe2 a6 13. Bxd7 Nxd7 14. Bd4 Bxd4 15.
Nxd4 Ne5 16. b3 b5 17. Nd5 Nxd5 18. cxd5 Qb6 19. Rad1 Rfe8 20. Kh1 Nd7 21. Qe3
Nf6 22. Qf3 Kg7 23. Nc6 e6 24. Qc3 exd5 25. exd5 Re2 26. Rd3 Qc5 27. Qa1 Qc2 28.
Qd4 Re4 29. Qa1 Qxd3 0-1

[Event "PRO League Group Stage"]
[Site "chess.com INT"]
[Date "2019.02.01"]
[Round "4"]
[White "Van Foreest, Jorden"]
[Black "Oparin, Grigoriy"]
[Result "1/2-1/2"]
[WhiteTitle "GM"]
[BlackTitle "GM"]
[WhiteElo "2612"]
[BlackElo "2613"]
[WhiteTeam "Amsterdam Mosquitoes"]
[BlackTeam "Volga Stormbringers"]
[WhiteFideId "1039784"]
[BlackFideId "24125890"]
[EventDate "2019.01.08"]

1. e4 e5 2. Nf3 Nc6 3. Bc4 Nf6 4. d3 Be7 5. O-O O-O 6. Re1 d6 7. a4 Be6 8. Bxe6
fxe6 9. c3 Qe8 10. b4 a6 11. Be3 Ng4 12. Nbd2 Nxe3 13. fxe3 Qg6 14. Rf1 Bg5 15.
Nxg5 Qxg5 16. Qe2 Rxf1+ 17. Rxf1 Rf8 18. Nf3 Qh6 19. d4 exd4 20. exd4 Rf7 21. b5
axb5 22. axb5 Ne7 23. Qa2 Qe3+ 24. Kh1 Qxe4 25. Qa8+ Rf8 26. Qxf8+ Kxf8 27. Ng5+
Qf5 28. Nxe6+ Kf7 29. Rxf5+ Nxf5 30. Nxc7 Ne3 31. Kg1 Ke7 32. Na8 Nc4 33. Nc7
Nb6 34. d5 Kd7 35. Ne6 Nxd5 36. Nxg7 Nxc3 37. b6 Nd5 38. g4 Nxb6 39. Kf2 Nc4 40.
h4 b5 41. Nf5 b4 42. Nd4 Na5 43. Ke3 Nc6 44. Nb3 Ke6 45. Ke4 d5+ 46. Kf4 Kf6 47.
g5+ Kg6 48. Kg4 Ne5+ 49. Kf4 Nd3+ 50. Kg4 Nf2+ 51. Kf3 Kh5 52. Kxf2 Kxh4 53. Ke3
Kxg5 54. Kd4 h5 55. Nd2 Kf4 56. Kxd5 h4 57. Kc4 h3 58. Nf1 Kf3 59. Nh2+ Kg3 60.
Nf1+ Kg2 61. Ne3+ Kf3 62. Nf1 Kf2 63. Nh2 Kg2 64. Ng4 Kg3 65. Ne3 Kf3 66. Nf1
Kg2 67. Ne3+ Kg3 68. Kxb4 h2 69. Nf1+ Kg2 70. Nxh2 1/2-1/2

[Event "PRO League Group Stage"]
[Site "chess.com INT"]
[Date "2019.02.01"]
[Round "4"]
[White "Frolyanov, Dmitry"]
[Black "Lopez, Jasel"]
[Result "1-0"]
[WhiteTitle "GM"]
[BlackTitle "FM"]
[WhiteElo "2517"]
[BlackElo "2388"]
[WhiteTeam "Volga Stormbringers"]
[BlackTeam "Amsterdam Mosquitoes"]
[WhiteFideId "4151976"]
[BlackFideId "15900045"]
[EventDate "2019.01.08"]

1. Nf3 d5 2. g3 Nc6 3. Bg2 e5 4. O-O Nf6 5. d4 e4 6. Ne5 Be7 7. c4 dxc4 8. Nxc6
bxc6 9. Nc3 Be6 10. Bg5 O-O 11. e3 Rb8 12. Qc2 Nd5 13. Bxe7 Qxe7 14. Bxe4 f5 15.
Bg2 Rf6 16. e4 fxe4 17. Nxe4 Rh6 18. Nc5 Bh3 19. Rfe1 Qf7 20. Bxh3 Rxh3 21. Qe2
Rh6 22. Rac1 Qf5 23. Rxc4 Qh3 24. f3 Rg6 25. Rc2 Nf4 26. Qf1 Qf5 27. Qc4+ Kh8
28. Kh1 Nh3 29. Qd3 Qh5 30. Nd7 Rd8 31. Qe3 h6 32. Ne5 Rf6 33. Rxc6 Rxc6 34.
Nxc6 Rf8 35. Ne5 Ng5 36. f4 Nh3 37. Kg2 Qf5 38. Qe4 1-0

[Event "PRO League Group Stage"]
[Site "chess.com INT"]
[Date "2019.02.01"]
[Round "4"]
[White "Van der Lende, Ilias"]
[Black "Garifullina, Leya"]
[Result "1-0"]
[WhiteTitle "FM"]
[BlackTitle "WCM"]
[WhiteElo "2334"]
[BlackElo "2132"]
[WhiteTeam "Amsterdam Mosquitoes"]
[BlackTeam "Volga Stormbringers"]
[WhiteFideId "1019260"]
[BlackFideId "34127035"]
[EventDate "2019.01.08"]

1. e4 c5 2. c3 d5 3. exd5 Qxd5 4. d4 Nf6 5. Nf3 e6 6. Be3 Nc6 7. Bd3 cxd4 8.
cxd4 Bb4+ 9. Nc3 Qd8 10. O-O O-O 11. Qe2 Be7 12. Rad1 Nb4 13. Bb1 Nbd5 14. Bg5
h6 15. Bh4 Nxc3 16. bxc3 Nd5 17. Qd3 g6 18. Bg3 Bf6 19. c4 Ne7 20. Be5 Nf5 21.
Qe4 Bg7 22. Qf4 g5 23. Qe4 f6 24. Bg3 h5 25. Rfe1 h4 26. Bxh4 gxh4 27. Nxh4 Nxh4
28. Qh7+ Kf7 29. Qh5+ Ke7 30. Qxh4 Rh8 31. Qg4 Kf8 32. Re3 Qc7 33. Rg3 e5 34.
Qg6 Qf7 35. dxe5 Qxg6 36. Bxg6 Ke7 37. Be4 Bh6 38. exf6+ Kxf6 39. Rg6+ Ke7 40.
Rdd6 Bf4 41. Rdf6 Bxh2+ 42. Kf1 Be5 43. Rf3 Be6 44. Bd5 Bxd5 45. cxd5 Rh1+ 46.
Ke2 Re8 47. Re6+ Kd8 48. Rxe8+ Kxe8 49. Re3 Kd7 50. Rxe5 Ra1 51. g4 Rxa2+ 52.
Kf3 Ra1 53. Kg2 Ra4 54. g5 Ra6 55. f4 Rg6 56. Kf3 Rg8 57. Kg4 Kd6 58. Rf5 b5 59.
Rf7 a5 60. f5 b4 61. Rb7 Kxd5 62. f6 1-0

[Event "PRO League Group Stage"]
[Site "chess.com INT"]
[Date "2019.02.01"]
[Round "4"]
[White "Bacrot, Etienne"]
[Black "Vidit, Santosh Gujrathi"]
[Result "1/2-1/2"]
[WhiteTitle "GM"]
[BlackTitle "GM"]
[WhiteElo "2684"]
[BlackElo "2695"]
[WhiteTeam "Marseille Migraines"]
[BlackTeam "Mumbai Movers"]
[WhiteFideId "605506"]
[BlackFideId "5029465"]
[EventDate "2019.01.08"]

1. Nf3 Nf6 2. c4 c5 3. Nc3 Nc6 4. g3 d5 5. d4 cxd4 6. Nxd4 dxc4 7. Nxc6 Qxd1+ 8.
Nxd1 bxc6 9. Bg2 Nd5 10. Ne3 e6 11. Nxc4 Ba6 12. b3 Bb4+ 13. Bd2 Ke7 14. Ne5
Rhc8 15. Rc1 c5 16. Bxb4 cxb4 17. Rxc8 Rxc8 18. Bxd5 Kd6 19. Bf3 Kxe5 20. Kd2
Rd8+ 21. Ke3 Rc8 22. Kd2 Bb5 23. a3 bxa3 24. Ra1 a6 25. Rxa3 Rd8+ 26. Ke3 Rc8
27. Bb7 Rb8 28. Bxa6 Bxa6 29. f4+ Kf6 30. Rxa6 Rxb3+ 31. Kf2 1/2-1/2

[Event "PRO League Group Stage"]
[Site "chess.com INT"]
[Date "2019.02.01"]
[Round "4"]
[White "Ganguly, Surya Shekhar"]
[Black "Le Roux, Jean-Pierre"]
[Result "1-0"]
[WhiteTitle "GM"]
[BlackTitle "GM"]
[WhiteElo "2638"]
[BlackElo "2533"]
[WhiteTeam "Mumbai Movers"]
[BlackTeam "Marseille Migraines"]
[WhiteFideId "5002150"]
[BlackFideId "609404"]
[EventDate "2019.01.08"]

1. e4 c6 2. d4 d5 3. exd5 cxd5 4. Bd3 Nc6 5. c3 Qc7 6. Ne2 e6 7. Bf4 Bd6 8. Bxd6
Qxd6 9. O-O Nge7 10. Nd2 O-O 11. f4 Nf5 12. Qe1 Bd7 13. Qf2 Rae8 14. Nf3 f6 15.
Kh1 a6 16. g4 Nfe7 17. Qh4 Ng6 18. Qh5 Re7 19. Nh4 f5 20. Nxg6 hxg6 21. Qxg6 Rf6
22. Qg5 fxg4 23. Rg1 e5 24. fxe5 Nxe5 25. dxe5 Rxe5 26. Qd2 Rf2 27. Rg2 g3 28.
Rxf2 gxf2 29. Nd4 Qf6 30. Rf1 1-0

[Event "PRO League Group Stage"]
[Site "chess.com INT"]
[Date "2019.02.01"]
[Round "4"]
[White "Sebag, Marie"]
[Black "Sadhwani, Raunak"]
[Result "1/2-1/2"]
[WhiteTitle "GM"]
[BlackTitle "IM"]
[WhiteElo "2476"]
[BlackElo "2451"]
[WhiteTeam "Marseille Migraines"]
[BlackTeam "Mumbai Movers"]
[WhiteFideId "617822"]
[BlackFideId "35093487"]
[EventDate "2019.01.08"]

1. e4 d6 2. d4 Nf6 3. Nc3 g6 4. Nf3 Bg7 5. h3 O-O 6. Be2 e5 7. O-O Nc6 8. Be3
exd4 9. Nxd4 Bd7 10. f4 Re8 11. Bf3 a6 12. Qd2 Rb8 13. Rae1 Na5 14. Bf2 b5 15.
b3 c5 16. Nde2 b4 17. Nd5 Nxd5 18. exd5 Bb5 19. f5 gxf5 20. Bg3 Nb7 21. Rf2 Qe7
22. Qf4 Be5 23. Qxf5 Bd7 24. Qe4 Bxg3 25. Nxg3 Qg5 26. Bh5 Qxg3 27. Bxf7+ Kg7
28. Be6 Nd8 29. Bxd7 Rxe4 30. Rxe4 Qc3 31. Rg4+ Kh6 32. Rh4+ Kg7 33. Rg4+ Kh6 1/2-1/2

[Event "PRO League Group Stage"]
[Site "chess.com INT"]
[Date "2019.02.01"]
[Round "4"]
[White "Aditya, Mittal"]
[Black "Delorme, Alban"]
[Result "1-0"]
[WhiteTitle "CM"]
[BlackTitle "FM"]
[WhiteElo "2251"]
[BlackElo "2320"]
[WhiteTeam "Mumbai Movers"]
[BlackTeam "Marseille Migraines"]
[WhiteFideId "35042025"]
[BlackFideId "623636"]
[EventDate "2019.01.08"]

1. d4 Nf6 2. c4 e6 3. Nc3 d5 4. cxd5 exd5 5. Bg5 Be7 6. e3 O-O 7. Bd3 Nbd7 8.
Nge2 b6 9. Qc2 Bb7 10. Ng3 h6 11. h4 c5 12. Nf5 Re8 13. Rh3 c4 14. Be2 Nf8 15.
Bxh6 gxh6 16. Rg3+ Kh8 17. Nxh6 1-0

[Event "PRO League Group Stage"]
[Site "chess.com INT"]
[Date "2019.02.01"]
[Round "4"]
[White "Nihal, Sarin"]
[Black "Baldauf, Marco"]
[Result "1-0"]
[WhiteTitle "GM"]
[BlackTitle "IM"]
[WhiteElo "2578"]
[BlackElo "2485"]
[WhiteTeam "Delhi Dynamite"]
[BlackTeam "Berlin Bears"]
[WhiteFideId "25092340"]
[BlackFideId "4688210"]
[EventDate "2019.01.08"]

1. d4 Nf6 2. Nf3 g6 3. Nc3 d5 4. Bf4 Bg7 5. e3 O-O 6. Be2 b6 7. Ne5 Bb7 8. h4
Nbd7 9. h5 Nxe5 10. Bxe5 Qd7 11. g4 Ne4 12. Nxe4 dxe4 13. Bxg7 Kxg7 14. Qd2 e5
15. h6+ Kg8 16. O-O-O exd4 17. Qxd4 Qxd4 18. Rxd4 Rfd8 19. Rhd1 Rxd4 20. Rxd4
Kf8 21. Rd7 Bc8 22. Rxc7 Be6 23. g5 Ke8 24. Bb5+ Kd8 25. Rb7 Rc8 26. Rxa7 Rc5
27. a4 Rxg5 28. Ra8+ Kc7 29. Rh8 Rf5 30. Rxh7 Rxf2 31. Rh8 Rh2 32. b4 g5 33. a5
bxa5 34. bxa5 g4 35. Kb2 g3 36. Rg8 g2 37. Kc3 Bf5 38. Rg3 Rh3 39. Rxg2 Rxe3+
40. Kd4 Rh3 41. Rf2 Bg6 42. a6 Rxh6 43. Rf6 Rh8 44. Rc6+ Kb8 45. Rb6+ Ka7 46.
Rb7+ Ka8 47. Bc6 Rc8 48. Rc7+ Kb8 49. Rxc8+ Kxc8 50. a7 1-0

[Event "PRO League Group Stage"]
[Site "chess.com INT"]
[Date "2019.02.01"]
[Round "4"]
[White "Duda, Jan-Krzysztof"]
[Black "Vidit, Santosh Gujrathi"]
[Result "1-0"]
[WhiteTitle "GM"]
[BlackTitle "GM"]
[WhiteElo "2738"]
[BlackElo "2695"]
[WhiteTeam "Cannes Blitzstreams"]
[BlackTeam "Mumbai Movers"]
[WhiteFideId "1170546"]
[BlackFideId "5029465"]
[EventDate "2019.01.08"]

1. d4 Nf6 2. c4 e6 3. Nf3 d5 4. Bg5 Bb4+ 5. Nc3 h6 6. Bxf6 Qxf6 7. Qa4+ Nc6 8.
e3 O-O 9. Be2 dxc4 10. Bxc4 e5 11. O-O exd4 12. Nd5 Qd6 13. Nxb4 Qxb4 14. Qxb4
Nxb4 15. Nxd4 Bd7 16. a3 Nc6 17. Rfd1 Rfd8 18. Nf3 Be8 19. Rdc1 Ne7 20. b4 c6
21. h3 a5 22. Rab1 axb4 23. axb4 Rac8 24. g4 g6 25. Kg2 Kg7 26. Kg3 Nd5 27. Nd4
Nf6 28. f3 Nd5 29. Bxd5 Rxd5 30. Rc5 Rcd8 31. Rbc1 Kf6 32. h4 Ke7 33. Ra1 Rxc5
34. bxc5 Rd5 35. Ra7 Rxc5 36. Rxb7+ Kf8 37. Rc7 Rc3 38. e4 c5 39. Ne2 Rc2 40.
Nf4 g5 41. hxg5 hxg5 42. Nh3 f6 43. e5 fxe5 44. Nxg5 c4 45. Nh7+ Kg8 46. Nf6+
Kf8 47. Rc8 Ke7 48. Nxe8 Kd7 49. Ra8 1-0

[Event "PRO League Group Stage"]
[Site "chess.com INT"]
[Date "2019.02.01"]
[Round "4"]
[White "Ganguly, Surya Shekhar"]
[Black "Velten, Paul"]
[Result "1-0"]
[WhiteTitle "GM"]
[BlackTitle "GM"]
[WhiteElo "2638"]
[BlackElo "2496"]
[WhiteTeam "Mumbai Movers"]
[BlackTeam "Cannes Blitzstreams"]
[WhiteFideId "5002150"]
[BlackFideId "681091"]
[EventDate "2019.01.08"]

1. e4 e6 2. d4 d5 3. Nd2 c5 4. Ngf3 a6 5. exd5 exd5 6. dxc5 Bxc5 7. Bd3 Nf6 8.
O-O O-O 9. h3 h6 10. Re1 Nc6 11. Nb3 Bd6 12. c3 Re8 13. Be3 Ne4 14. Nbd4 Qc7 15.
Qb3 Nc5 16. Qc2 Nxd3 17. Qxd3 Bd7 18. Rad1 Ne7 19. Nh4 Bh2+ 20. Kh1 Be5 21. Ndf3
Bd6 22. Bd4 Nc6 23. Rxe8+ Bxe8 24. Bxg7 Kxg7 25. Nf5+ Kf8 26. Qxd5 Be7 27. Qd2
Bg5 28. Nxg5 hxg5 29. Qxg5 Qe5 30. Rd3 Rd8 31. Qh6+ Kg8 32. Rg3+ 1-0

[Event "PRO League Group Stage"]
[Site "chess.com INT"]
[Date "2019.02.01"]
[Round "4"]
[White "Barseghyan, Harutyun"]
[Black "Sadhwani, Raunak"]
[Result "1/2-1/2"]
[WhiteTitle "IM"]
[BlackTitle "IM"]
[WhiteElo "2457"]
[BlackElo "2451"]
[WhiteTeam "Cannes Blitzstreams"]
[BlackTeam "Mumbai Movers"]
[WhiteFideId "13304585"]
[BlackFideId "35093487"]
[EventDate "2019.01.08"]

1. d4 d6 2. Nf3 Nf6 3. c4 g6 4. Nc3 Bg7 5. e4 O-O 6. Be2 e5 7. O-O Nc6 8. d5 Ne7
9. Ne1 Nd7 10. Be3 f5 11. f3 f4 12. Bf2 g5 13. Rc1 Rf6 14. g4 fxg3 15. hxg3 Ng6
16. Ng2 Rf7 17. Ne3 Ndf8 18. g4 Nf4 19. Nf5 h5 20. Be3 Nd7 21. Kf2 Bf8 22. Rh1
Nf6 23. Qg1 Rh7 24. Ke1 Bxf5 25. gxf5 Rg7 26. Kd2 c6 27. Kc2 c5 28. Qf2 a6 29.
a4 Qe8 30. Ra1 Be7 31. a5 Bd8 32. Bd2 Rc8 33. Qh2 Bc7 34. Rhg1 Qd7 35. Bd1 Rf8
36. Ne2 Rff7 37. Nxf4 gxf4 38. Be2 Bd8 39. b3 Rxg1 40. Rxg1+ Rg7 41. Bf1 Rxg1
42. Qxg1+ Qg7 43. Qxg7+ Kxg7 44. Be1 Nh7 45. Kd3 Kh6 1/2-1/2

[Event "PRO League Group Stage"]
[Site "chess.com INT"]
[Date "2019.02.01"]
[Round "4"]
[White "Aditya, Mittal"]
[Black "Bordi, Kevin"]
[Result "0-1"]
[WhiteTitle "CM"]
[WhiteElo "2251"]
[BlackElo "2288"]
[WhiteTeam "Mumbai Movers"]
[BlackTeam "Cannes Blitzstreams"]
[WhiteFideId "35042025"]
[BlackFideId "621862"]
[EventDate "2019.01.08"]

1. d4 d5 2. c4 c6 3. Nf3 Nf6 4. Nc3 e6 5. g3 Be7 6. Bg2 O-O 7. O-O b6 8. Ne5 Bb7
9. e4 Nbd7 10. Nxd7 Qxd7 11. e5 Ne8 12. cxd5 cxd5 13. h4 f6 14. exf6 Bxf6 15.
Re1 Nd6 16. Bf4 Rae8 17. Qg4 Bxd4 18. Nxd5 Nf5 19. Nc7 Bxf2+ 20. Kh2 Bxg2 21.
Nxe8 Bxe1 22. Rxe1 Rxe8 23. Kxg2 e5 24. Kh3 exf4 25. Rxe8+ Qxe8 26. Qxf5 fxg3
27. Qd5+ Kh8 28. Kxg3 h6 29. h5 Qe3+ 30. Kg4 Qg1+ 31. Kf4 Qf2+ 32. Kg4 Qe2+ 33.
Kf4 Qe8 34. Kg4 Qa4+ 35. Kg3 Qe8 36. Kg4 a5 37. b3 Qc8+ 38. Kg3 Qe8 39. a4 Qf8
40. Kg4 Qb4+ 41. Kg3 Qc3+ 42. Kg4 Qc8+ 43. Kg3 Qg8 44. Qb5 Qe6 45. Kf4 Qf6+ 46.
Kg4 Qd4+ 47. Kg3 Qe3+ 48. Kg4 Qe6+ 49. Kf4 Kg8 50. Kg3 Kf7 51. Kf4 Qf6+ 52. Kg4
Qd4+ 53. Kg3 Qd6+ 54. Kg4 Qe6+ 55. Kf4 Kf6 56. Qa6 Qxb3 57. Qc8 Qxa4+ 58. Kg3
Qb3+ 59. Kf4 Qb4+ 60. Kg3 Qd6+ 61. Kf3 Qd3+ 62. Kf4 Qf1+ 63. Kg3 Qg1+ 64. Kf3
Qh1+ 65. Kg4 Qe4+ 66. Kg3 Qe5+ 67. Kf2 Qf5+ 0-1